| 000 | 00940nam a22003017a 4500 | ||
|---|---|---|---|
| 003 | CHAP | ||
| 005 | 20220329135529.0 | ||
| 008 | 971013s1975 r 00010 d | ||
| 010 | _a38096 | ||
| 011 | _a39068 | ||
| 035 | _a43188 | ||
| 040 | _cCHAP | ||
| 090 | _aFolleto 8129 | ||
| 100 | 0 | 0 |
_aMiranda Jaimes, Odón. _976081 |
| 245 | _aHíbridos de maíz de temporal para el Bajío y zonas similares | ||
| 260 |
_aMéxico, D.F. : _bInstituto Nacional de Investigaciones Agrícolas, _c1975 |
||
| 300 | _as.p. | ||
| 490 |
_aDesplegable _v; 28 |
||
| 590 |
_aBATCH-UPD _b10 _c20130110 _lUCH01 _h1722 |
||
| 590 |
_aBATCH-UPD _b10 _c20130410 _lUCH01 _h1105 |
||
| 590 |
_aBATCH-UPD _b10 _c20130914 _lUCH01 _h1220 |
||
| 590 |
_aCONVERSION _b10 _c20130109 _lUCH01 _h1321 |
||
| 650 | 1 | 4 |
_aMaíz _xHíbridos. _970974 |
| 830 | 0 |
_aDesplegable _v; 28 _932177 |
|
| 901 | _aBK | ||
| 942 | _cFOLL | ||
| 949 |
_aFolleto 8129 _bBC _cFOLL _d-99138 _eTS1 _i43188 _mD _si |
||
| 999 |
_c38096 _d38096 |
||